| 000 | 00375nam a2200145Ia 4500 | ||
|---|---|---|---|
| 008 | 220613s9999||||xx |||||||||||||| ||und|| | ||
| 020 | _aISBN-978-0-07-184230-3 | ||
| 100 | _aKasper Dennis L | ||
| 245 | 0 | _aHarrisons Principles of Internal Medicine Vol-1 | |
| 250 | _a19th(2015) | ||
| 260 | _bMc Graw Hill New Yourk | ||
| 300 | _a465 | ||
| 650 | _aMedicine | ||
| 942 | _cMEDI | ||
| 999 |
_c10875 _d10875 |
||